000 00441nam a2200181Ia 4500
001 10996
005 20260306161913.0
008 260306t1993||||xx |||||||||||||| ||spa||
041 _aESP
082 _a985
_bP34 V. 3
100 _aPease G. Y., Franklin
_eAUT
245 0 _aPerú hombre e historia:
_bla república
260 _c1993
300 _a382 páginas :
_c26 cm.
650 _aGEN
654 _aCHU
942 _cLIB
_dJUS
_fJUS
_2ddc
_n
999 _c10996
_d10996